000 00847nas a2200265 4500
001 BR0806715
003 BR-BrBNA
005 20231205112207.0
007 ta
008 230509b bl.|||p| |||| 00| 00por d
040 _aBR-BrBNA
_bpor
_cBiblioteca Nacional de Agricultura
041 _a(Pt)
072 _aL51
100 1 _aCampos, R.
100 1 _aGonzález, F.
100 1 _aColdebella, A.
100 1 _aLacerda, L.
245 1 _aIndicadores do metabolismo energético no pós-parto de vacas leiteiras de alta produção e sua relação com a composição do leite
650 _aVACA LEITEIRA
650 _aMETABOLISMO ANIMAL
650 _aLEITE
773 0 _tCiência Animal Brasileira (Brazil)
_xISSN 1518-2797
_g(Apr-Jun 2007), v. 8(2) p. 241-249
_wBR0806715
909 _a202311
_bLúcia
_c55
_dLúcia Elande
942 _2AGRIS
_n0
_cANA
999 _c196648
_d196648